ARRUPE JESUIT UNIVERSITY

CORONAVIRUS -STOP THE SPREAD - CLEAN,DISINFECT,COVER

An unfinished council : (Record no. 129633)

MARC details
000 -LEADER
fixed length control field 01429cam a2200349 i 4500
001 - CONTROL NUMBER
control field 18498787
003 - CONTROL NUMBER IDENTIFIER
control field ARRUPE
005 - DATE AND TIME OF LATEST TRANSACTION
control field 20190522103116.0
008 - FIXED-LENGTH DATA ELEMENTS--GENERAL INFORMATION
fixed length control field 150220s2015 mnu b 001 0 eng
010 ## - LIBRARY OF CONGRESS CONTROL NUMBER
LC control number 2015006953
020 ## - INTERNATIONAL STANDARD BOOK NUMBER
International Standard Book Number 9780814683095
020 ## - INTERNATIONAL STANDARD BOOK NUMBER
Cancelled/invalid ISBN 9780814683347 (ebook)
040 ## - CATALOGING SOURCE
Original cataloging agency DLC
Language of cataloging eng
Transcribing agency DLC
Description conventions rda
Modifying agency DLC
042 ## - AUTHENTICATION CODE
Authentication code pcc
050 00 - LIBRARY OF CONGRESS CALL NUMBER
Classification number BX830 1962
Item number .G283 2015
082 00 - DEWEY DECIMAL CLASSIFICATION NUMBER
Classification number 262/.52
Edition number 23
300 ## - PHYSICAL DESCRIPTION
Dimensions 23 cm
100 1# - MAIN ENTRY--PERSONAL NAME
Personal name Gaillardetz, Richard R.,
Dates associated with a name 1958-
9 (RLIN) 3099
245 13 - TITLE STATEMENT
Title An unfinished council :
Remainder of title Vatican II, Pope Francis, and the renewal of Catholicism /
Statement of responsibility, etc Richard R. Gaillardetz.
260 ## - PUBLICATION, DISTRIBUTION, ETC. (IMPRINT)
Place of publication, distribution, etc Minnesota
Name of publisher, distributor, etc Liturgical Press
Date of publication, distribution, etc 2015
300 ## - PHYSICAL DESCRIPTION
Extent xviii, 172 p. ;
500 ## - GENERAL NOTE
General note "A Michael Glazier Book."
504 ## - BIBLIOGRAPHY, ETC. NOTE
Bibliography, etc Includes bibliographical references and index.
600 00 - SUBJECT ADDED ENTRY--PERSONAL NAME
Personal name Francis,
Titles and other words associated with a name Pope,
Dates associated with a name 1936-
General subdivision Influence.
9 (RLIN) 46486
610 20 - SUBJECT ADDED ENTRY--CORPORATE NAME
Corporate name or jurisdiction name as entry element Catholic Church
General subdivision History
Chronological subdivision 1965-
9 (RLIN) 4086
610 20 - SUBJECT ADDED ENTRY--CORPORATE NAME
Corporate name or jurisdiction name as entry element Catholic Church
General subdivision Doctrines.
9 (RLIN) 46487
611 20 - SUBJECT ADDED ENTRY--MEETING NAME
Meeting name or jurisdiction name as entry element Vatican Council
Number of part/section/meeting (2nd :
Date of meeting 1962-1965 :
Location of meeting Basilica di San Pietro in Vaticano)
9 (RLIN) 46488
650 #0 - SUBJECT ADDED ENTRY--TOPICAL TERM
Topical term or geographic name as entry element Church renewal
General subdivision Catholic Church.
9 (RLIN) 46489
906 ## - LOCAL DATA ELEMENT F, LDF (RLIN)
a 7
b cbc
c orignew
d 1
e ecip
f 20
g y-gencatlg
942 ## - ADDED ENTRY ELEMENTS (KOHA)
Source of classification or shelving scheme Library of Congress Classification
Koha item type Monograph ( Printed materials)
Holdings
Withdrawn status Lost status Source of classification or shelving scheme Damaged status Not for loan Collection code Home library Current library Shelving location Date acquired Total Checkouts Full call number Barcode Date last seen Price effective from Koha item type
    Library of Congress Classification     Main Collection ARRUPE LIBRARY ARRUPE LIBRARY Main Collection 22/05/2019   BX830 1962 .G283 2015 46600004792 22/05/2019 22/05/2019 Monograph ( Printed materials)

 

Arrupe Library. PO Box MP320 Mt Pleasant, Harare, Zimbabwe
263 242 745411|librarian@aju.ac.zw